Polymers: Structure and bulk properties (Record no. 23155)

MARC details
000 -LEADER
fixed length control field 00283nam a2200109Ia 4500
082 ## - DEWEY DECIMAL CLASSIFICATION NUMBER
Classification number 678
Item number MEA
100 ## - MAIN ENTRY--AUTHOR NAME
Personal name Meares, Patrick
245 #0 - TITLE STATEMENT
Title Polymers: Structure and bulk properties
260 ## - PUBLICATION, DISTRIBUTION, ETC. (IMPRINT)
Place of publication London
Name of publisher Van Nostrand
Year of publication 1965
942 ## - ADDED ENTRY ELEMENTS (KOHA)
Koha item type Books
Holdings
Withdrawn status Lost status Damaged status Not for loan Home library Current library Date acquired Cost, normal purchase price Full call number Accession Number Koha item type
        RRII Library RRII Library 16/12/2021 5.00 678 MEA 03857 Books